De Smith's judicial review / (Record no. 4319)
[ view plain ]
| 000 -LEADER | |
|---|---|
| fixed length control field | 01132cam a22002892 4500 |
| 001 - CONTROL NUMBER | |
| control field | 0000021440 |
| 005 - DATE AND TIME OF LATEST TRANSACTION | |
| control field | 20151217145937.0 |
| 008 - FIXED-LENGTH DATA ELEMENTS--GENERAL INFORMATION | |
| fixed length control field | 120515s xx 000 0 eng d |
| 020 ## - INTERNATIONAL STANDARD BOOK NUMBER | |
| International Standard Book Number | 0421690301 : |
| 040 ## - CATALOGING SOURCE | |
| Original cataloging agency | KABU |
| Transcribing agency | KABU |
| 100 1# - MAIN ENTRY--PERSONAL NAME | |
| Personal name | De Smith, Stanley A. |
| -- | 0000182295 |
| 245 10 - TITLE STATEMENT | |
| Title | De Smith's judicial review / |
| Statement of responsibility, etc. | Lord Woolf, Jeffrey Jowell, Andrew Le Sueur. |
| 250 ## - EDITION STATEMENT | |
| Edition statement | 6th ed. |
| 260 ## - PUBLICATION, DISTRIBUTION, ETC. (IMPRINT) | |
| Place of publication, distribution, etc. | London : |
| Name of publisher, distributor, etc. | Sweet & Maxwell, |
| Date of publication, distribution, etc. | 2007. |
| 300 ## - PHYSICAL DESCRIPTION | |
| Extent | ccxxxvi, 1098 p. + |
| Accompanying material | 1st supplement to the 6th ed. |
| 650 #0 - SUBJECT ADDED ENTRY--TOPICAL TERM | |
| Topical term or geographic name as entry element | Judicial review of administrative acts |
| Geographic subdivision | Great Britain. |
| -- | 0000167934 |
| 700 1# - ADDED ENTRY--PERSONAL NAME | |
| Personal name | Woolf, Lord. |
| -- | 0000182296 |
| 700 1# - ADDED ENTRY--PERSONAL NAME | |
| Personal name | Jowell, Jeffrey. |
| -- | 0000182297 |
| 852 1# - LOCATION | |
| -- | 55711 KES |
| 852 1# - LOCATION | |
| -- | 55711 KES |
| 908 ## - PUT COMMAND PARAMETER (RLIN) | |
| Put command parameter | 120515 |
| 950 ## - LOCAL HOLDINGS (RLIN) | |
| -- | 1 |
| Withdrawn status | Lost status | Source of classification or shelving scheme | Not for loan | Home library | Current library | Date acquired | Total Checkouts | Total Renewals | Full call number | Barcode | Date last seen | Date last checked out | Price effective from | Koha item type |
|---|---|---|---|---|---|---|---|---|---|---|---|---|---|---|
| Library of Congress Classification | Kabarak, Main Campus | Kabarak, Main Campus | 17/12/2015 | 1 | 1 | KD4902 .D47 2007 c. 1 | 21229 | 07/11/2017 | 25/09/2017 | 17/12/2015 | General Collection | |||
| Library of Congress Classification | Kabarak, Main Campus | Kabarak, Main Campus | 17/12/2015 | 1 | KD4902 .D47 2007 c. 2 | 21231 | 21/11/2019 | 07/11/2019 | 17/12/2015 | General Collection | ||||
| Library of Congress Classification | Kabarak, Main Campus | Kabarak, Main Campus | 17/12/2015 | KD4902 .D47 2009 1st suppl. c. 1 | 21230 | 17/12/2015 | 17/12/2015 | General Collection | ||||||
| Library of Congress Classification | Kabarak, Main Campus | Kabarak, Main Campus | 17/12/2015 | 4 | KD4902 .D47 2009 1st suppl. c. 5 | 21236 | 27/01/2023 | 13/01/2023 | 17/12/2015 | General Collection | ||||
| Library of Congress Classification | Kabarak, Main Campus | Kabarak, Main Campus | 17/12/2015 | 2 | KD4902 .D47 2009 1st suppl. c. 3 | 21232 | 03/10/2017 | 18/09/2017 | 17/12/2015 | General Collection | ||||
| Library of Congress Classification | Kabarak, Main Campus | Kabarak, Main Campus | 17/12/2015 | 2 | KD4902 .D47 2009 1st suppl. c. 4 | 21234 | 04/07/2018 | 04/07/2018 | 17/12/2015 | General Collection | ||||
| Library of Congress Classification | Kabarak, Main Campus | Kabarak, Main Campus | 17/12/2015 | 1 | KD4902 .D47 2007 c. 4 | 21235 | 24/06/2016 | 22/06/2016 | 17/12/2015 | General Collection | ||||
| Library of Congress Classification | Kabarak, Main Campus | Kabarak, Main Campus | 17/12/2015 | KD4902 .D47 2007 c. 5 | 21233 | 17/12/2015 | 17/12/2015 | General Collection | ||||||
| Library of Congress Classification | Kabarak, Main Campus | Kabarak, Main Campus | 17/12/2015 | 1 | 1 | KD4902 .D47 2009 1st suppl. c. 2 | 21118 | 11/03/2021 | 25/01/2021 | 17/12/2015 | General Collection | |||
| Library of Congress Classification | Kabarak, Main Campus | Kabarak, Main Campus | 17/12/2015 | KD4902 .D47 2007 c. 3 | 21237 | 17/12/2015 | 17/12/2015 | General Collection |